<?xml version="1.0" encoding="UTF-8"?>
<collection xmlns="http://www.loc.gov/MARC21/slim">
 <record>
  <leader>00641nam a22001691a 4500</leader>
  <controlfield tag="001">1/16588</controlfield>
  <controlfield tag="008">991112s1968    enk                 eng d</controlfield>
  <datafield tag="035" ind1=" " ind2=" ">
   <subfield code="l">17100</subfield>
  </datafield>
  <datafield tag="040" ind1=" " ind2=" ">
   <subfield code="a">DLC</subfield>
   <subfield code="b">GR-PeUP</subfield>
  </datafield>
  <datafield tag="082" ind1="0" ind2="0">
   <subfield code="a">339.01'84 PR.</subfield>
  </datafield>
  <datafield tag="100" ind1="1" ind2=" ">
   <subfield code="a">Praag, Bernard M. S. van.</subfield>
  </datafield>
  <datafield tag="245" ind1="1" ind2="0">
   <subfield code="a">Individual welfare functions and consumer behavior :</subfield>
   <subfield code="b">a theory of rational irrationality /</subfield>
   <subfield code="c">by Bernard M. S. Van Praag</subfield>
  </datafield>
  <datafield tag="260" ind1=" " ind2=" ">
   <subfield code="a">Amsterdam :</subfield>
   <subfield code="b">North-Holland,</subfield>
   <subfield code="c">1968</subfield>
  </datafield>
  <datafield tag="300" ind1=" " ind2=" ">
   <subfield code="a">239 p. ;</subfield>
   <subfield code="c">23 cm.</subfield>
  </datafield>
  <datafield tag="500" ind1=" " ind2=" ">
   <subfield code="a">Includes bibliographical references &amp; index</subfield>
  </datafield>
  <datafield tag="650" ind1=" " ind2="4">
   <subfield code="a">Consumers</subfield>
   <subfield code="x">Mathematical models.</subfield>
  </datafield>
  <datafield tag="852" ind1=" " ind2=" ">
   <subfield code="a">INST</subfield>
   <subfield code="b">UNIPILB</subfield>
   <subfield code="c">MAIN</subfield>
   <subfield code="e">20040709</subfield>
   <subfield code="h">339.01'84 PR.</subfield>
   <subfield code="p">00104362</subfield>
   <subfield code="q">00104362</subfield>
   <subfield code="t">LOAN</subfield>
   <subfield code="y">0</subfield>
   <subfield code="4">1</subfield>
  </datafield>
 </record>
</collection>
